Регионална библиотека "Любен Каравелов" - Русе

Семепроизводство на едногодишни цветни култури (Запис номер 128062)

MARC детайли
000 -Лидер
Контролно поле с фиксирана дължина 01821nam a2200385 c 4500
003 - Код на организацията, давaща контролен номер
Контролно поле BLK
005 - Дата и час на последна редакция
Контролно поле 20201120134021.0
008 - Елементи от данни с фиксирана дължина
fixed length control field 180409b bul|||||r ||||||| ||bul||
010 ## - Наследен системен номер
LC control number KNG00133781000
020 ## - Международен стандартен номер на книга ISBN
Международен стандартен номер на книга ISBN 978-954-92717-1-3
-- издат.: Агромедия
040 ## - Източник на каталожния запис
Идентификатор на билиотеката - собственик на записа BLK
041 ## - Код за език
Код за езика на текст/звукозапис или на отделно заглавие Български
Код за езика КДБФ Български
072 #7 - Код за тематичната категория
Код организация bullib
Код за тематична категория Н63
Текст Селско стопанство Н
080 ## - УДК
Текстов определител УДК Градински декоративни растения. Вж и 712
УДК код - определител по УДК 635.92
УДК определител (035)
УДК - код + определител 635.92(035)
100 1# - Редна дума - Автор
Автор Витанова, Гели
Авторска отговорност първи автор
R(LIN) 321031
139 ## - Редно поле
Редна дума Семепроизводство на едногодишни цветни култури
Авторски знак Сем - С 32
245 10 - Сведения за заглавието
Заглавие Семепроизводство на едногодишни цветни култури
Редно поле (дума) Гели Витанова.
257 ## - Страна на издаване
Страна на създаване/издаване България
260 ## - Област на издателските данни
-- София
Име на издателя, разпространителя и проч. Агромедия
Година на издаване 2011
Печатница София : Алианс Принт
300 ## - Физическа характеристика
Страници 152 с., 4 л.
Илюстрации и др. цв. ил.
Размери/Мащаб 23 см
380 ## - Жанр
Жанр Селско стопанство
500 ## - Общи забележки
Забележка Други авт.: Сергей Бистричанов, Андрей Канински, Иванка Иванова, Славка Лукипудис. - Съдържа: Кратък речник на използваните термини и символи в селекцията. - Библиогр. с. 152.
650 #4 - Допълнително описание по предмет – тема
Основно описание – тема или топоним Цветя - семепроизводство
9 (RLIN) 317425
650 #4 - Допълнително описание по предмет – тема
Основно описание – тема или топоним Цветарство - наръчници и ръководства
9 (RLIN) 242105
653 ## - Ключова дума – ненормативна
Ключова дума цветя
653 ## - Ключова дума – ненормативна
Ключова дума цветарство
653 ## - Ключова дума – ненормативна
Ключова дума семепроизводство
653 ## - Ключова дума – ненормативна
Ключова дума наръчници
659 ## - Тематичен бюлетин
Тематичен бюлетин Н
852 ## - Местоположение
Форматна сигнатура Цб 256272
856 4# - Електронен адрес и достъп
Електронен формат pdf - файл
Път до файла /url/
856 4# - Електронен адрес и достъп
Електронен формат pdf - файл
Път до файла /url/
942 ## - АРТИКУЛИ
Вид на библиотечния материал Книги
Скрит в OPAC Не
Koha issues (borrowed), all copies 2
944 ## - СЪЗДАВАНЕ И РЕДАКЦИЯ на ЗАПИСА
Създаване/Редакция Създаване
Дата на регистрацията/редакция 19.09.2012
Статус, дата на статуса ф /
Служител, извършил регистрацията/редакцията Милена_Ачева
944 ## - СЪЗДАВАНЕ И РЕДАКЦИЯ на ЗАПИСА
Създаване/Редакция Редакция
Дата на регистрацията/редакция 05.04.2017
Статус, дата на статуса ф /
Служител, извършил регистрацията/редакцията Людмила_Стоянова
999 ## - СИСТЕМНИ КОНТРОЛНИ НОМЕРА
Koha biblionumber 128062
Koha biblioitemnumber 128062
Наличности
Код за отписване Код за изгубен артикул Код за повреда Коз за рестрикции Код за отдаване Артикулен № Име на библиотеката - собственик Име на библиотеката, в която се намира в момента Статус (Текущо местоположение) Дата на вписване в системата Местоположение - отдел Цена в лева Инвентарен номер Систематично азбучна сигнатура Баркод Номер на екземпляра Цена в евро Служебна бележка Служебен тип на артикула
  Не е изгубен Не е повреден без рестрикции ползва се в читалня 208184 Регионална библиотека "Любен Каравелов" Русе Регионална библиотека "Любен Каравелов" Русе Хранилище 2012-09-21 Хранилище 15.90 120000759840 Цб 256272 120000759840 1 8.13 Дост: Dp Вид: Д N: 30 Дата: 25.07.2011 Книги
  Не е изгубен Не е повреден без рестрикции заемане за дома 208185 Регионална библиотека "Любен Каравелов" Русе Регионална библиотека "Любен Каравелов" Русе Заемна - подръчен фонд 2017-01-31 Заемна - подръчен фонд 15.90 120000808136 П 635.9/С 32 120000808136 2 8.13 Дост: DA Вид: А N: 7 Дата: 31.01.2017 Дата инв: 06.02.2018 Бележки инв: П2018 Книги
Vip Innovations Ltd, Rousse, Bulgaria 2025